000 00511nam a2200133Ia 4500
008 100328s9999 xx 000 0 und d
082 _b72319
100 _aमांडे अरुण-अनु.(मूळ लेखक-सुभाष आर्य)
245 _aसंगोपन बाळ गोपाळांचे
260 _bरोहन.
630 _aसंगोपन बाळ गोपाळांचे
730 _aसंगोपन बाळ गोपाळांचे
942 _cBOOK
999 _c558041
_d558038